<?xml version="1.0" encoding="UTF-8"?>
<record
    xmlns:xsi="http://www.w3.org/2001/XMLSchema-instance"
    xsi:schemaLocation="http://www.loc.gov/MARC21/slim http://www.loc.gov/standards/marcxml/schema/MARC21slim.xsd"
    xmlns="http://www.loc.gov/MARC21/slim">

  <leader>02650nam a22002897a 4500</leader>
  <controlfield tag="008">250702b        |||||||| |||| 00| 0 eng d</controlfield>
  <datafield tag="020" ind1=" " ind2=" ">
    <subfield code="a">9788427248427</subfield>
  </datafield>
  <datafield tag="040" ind1=" " ind2=" ">
    <subfield code="c">tbs</subfield>
  </datafield>
  <datafield tag="041" ind1=" " ind2=" ">
    <subfield code="a">spa</subfield>
  </datafield>
  <datafield tag="041" ind1=" " ind2=" ">
    <subfield code="h">eng</subfield>
  </datafield>
  <datafield tag="100" ind1=" " ind2=" ">
    <subfield code="a">Collins, Suzanne</subfield>
    <subfield code="9">25035</subfield>
    <subfield code="e">author</subfield>
  </datafield>
  <datafield tag="240" ind1=" " ind2=" ">
    <subfield code="a">Sunrise on the reaping</subfield>
    <subfield code="l">Spanish.</subfield>
  </datafield>
  <datafield tag="245" ind1=" " ind2=" ">
    <subfield code="a">Amanecer en la cosecha</subfield>
    <subfield code="b">/ Suzanne Collins ; traducci&#xF3;n de Pilar Ram&#xED;rez Tello.</subfield>
  </datafield>
  <datafield tag="260" ind1=" " ind2=" ">
    <subfield code="a">Barcelona : </subfield>
    <subfield code="b">Molino, </subfield>
    <subfield code="c">2025.</subfield>
  </datafield>
  <datafield tag="300" ind1=" " ind2=" ">
    <subfield code="a">491 pages ; 21 cm.</subfield>
  </datafield>
  <datafield tag="490" ind1=" " ind2=" ">
    <subfield code="a">The Hunger Games</subfield>
  </datafield>
  <datafield tag="490" ind1=" " ind2=" ">
    <subfield code="a">Juegos del hambre</subfield>
  </datafield>
  <datafield tag="520" ind1=" " ind2=" ">
    <subfield code="a">Amanece el d&#xED;a de los Quincuag&#xE9;simos Juegos del Hambre y el miedo atenaza a los distritos de Panem. Este a&#xF1;o, en honor al Vasallaje de los Veinticinco, se llevar&#xE1;n de sus hogares al doble de tributos. En el Distrito 12, Haymitch Abernathy intenta no pensar demasiado en sus probabilidades. Lo &#xFA;nico que le importa es que se acabe el d&#xED;a para poder estar con su chica. Cuando anuncian el nombre de Haymitch, todos sus sue&#xF1;os se rompen en pedazos. Lo separan de su familia y de su amada, y lo env&#xED;an al Capitolio con los otros tres tributos del Distrito 12: una amiga que es casi como una hermana peque&#xF1;a para &#xE9;l, un chico obsesionado con analizar apuestas y la chica m&#xE1;s estirada de la ciudad. Cuando empiezan los Juegos, Haymitch comprende que en el Capitolio quieren que fracase. Sin embargo, algo dentro de &#xE9;l desea luchar... y que el eco de esa lucha llegue mucho m&#xE1;s all&#xE1; de la mort&#xED;fera arena.</subfield>
  </datafield>
  <datafield tag="520" ind1=" " ind2=" ">
    <subfield code="a">The day of the Fiftieth Hunger Games dawns, and fear grips the districts of Panem. This year, in honor of the Quarter Quell, twice the usual number of tributes will be taken from their homes. In District 12, Haymitch Abernathy tries not to think too much about his odds. The only thing he cares about is getting through the day so he can be with his girl. But when Haymitch&#x2019;s name is called, all his dreams shatter into pieces. He is torn from his family and the woman he loves, and sent to the Capitol with the other three tributes from District 12: a friend who&#x2019;s almost like a little sister to him, a boy obsessed with analyzing bets, and the most stuck-up girl in town.

When the Games begin, Haymitch realizes the Capitol wants him to fail. But something inside him wants to fight... and make sure the echo of that fight reaches far beyond the deadly arena.</subfield>
  </datafield>
  <datafield tag="650" ind1=" " ind2="0">
    <subfield code="a">Survival skills</subfield>
    <subfield code="v">Fiction</subfield>
    <subfield code="9">25621</subfield>
  </datafield>
  <datafield tag="650" ind1=" " ind2="0">
    <subfield code="a">Television programs</subfield>
    <subfield code="v">Fiction</subfield>
    <subfield code="9">25622</subfield>
  </datafield>
  <datafield tag="650" ind1=" " ind2="0">
    <subfield code="a">Interpersonal relations</subfield>
    <subfield code="v">Fiction</subfield>
    <subfield code="9">24021</subfield>
  </datafield>
  <datafield tag="650" ind1=" " ind2="0">
    <subfield code="a">Contests</subfield>
    <subfield code="v">Fiction</subfield>
    <subfield code="9">25623</subfield>
  </datafield>
  <datafield tag="655" ind1=" " ind2="0">
    <subfield code="a">Dystopian fiction</subfield>
    <subfield code="9">25624</subfield>
  </datafield>
  <datafield tag="655" ind1=" " ind2="0">
    <subfield code="a">Science fiction</subfield>
    <subfield code="9">22728</subfield>
  </datafield>
  <datafield tag="942" ind1=" " ind2=" ">
    <subfield code="2">lcc</subfield>
  </datafield>
  <datafield tag="952" ind1=" " ind2=" ">
    <subfield code="0">0</subfield>
    <subfield code="1">0</subfield>
    <subfield code="2">lcc</subfield>
    <subfield code="4">0</subfield>
    <subfield code="7">0</subfield>
    <subfield code="a">TBS</subfield>
    <subfield code="b">TBS</subfield>
    <subfield code="d">2025-07-02</subfield>
    <subfield code="l">1</subfield>
    <subfield code="o">P-SP COL</subfield>
    <subfield code="p">B07579</subfield>
    <subfield code="q">2026-06-26</subfield>
    <subfield code="r">2026-05-12</subfield>
    <subfield code="s">2026-05-12</subfield>
    <subfield code="t">1</subfield>
    <subfield code="w">2025-07-02</subfield>
    <subfield code="y">1</subfield>
  </datafield>
  <datafield tag="999" ind1=" " ind2=" ">
    <subfield code="c">4807</subfield>
    <subfield code="d">4807</subfield>
  </datafield>
</record>
